<?xml version="1.0" encoding="UTF-8"?>
<record
    xmlns:xsi="http://www.w3.org/2001/XMLSchema-instance"
    xsi:schemaLocation="http://www.loc.gov/MARC21/slim http://www.loc.gov/standards/marcxml/schema/MARC21slim.xsd"
    xmlns="http://www.loc.gov/MARC21/slim">

  <leader>00415nam a22001697a 4500</leader>
  <controlfield tag="003">OSt</controlfield>
  <controlfield tag="005">20231118065816.0</controlfield>
  <controlfield tag="008">171030b        xxu||||| |||| 00| 0 eng d</controlfield>
  <datafield tag="020" ind1=" " ind2=" ">
    <subfield code="a">978-81-8204-028-1</subfield>
  </datafield>
  <datafield tag="040" ind1=" " ind2=" ">
    <subfield code="c">SEROSOFT</subfield>
  </datafield>
  <datafield tag="100" ind1=" " ind2=" ">
    <subfield code="a">BAGCHI, S N</subfield>
  </datafield>
  <datafield tag="245" ind1=" " ind2=" ">
    <subfield code="a">TEXT BOOK OF FOOD AND BEVERAGE SERVICE</subfield>
  </datafield>
  <datafield tag="250" ind1=" " ind2=" ">
    <subfield code="a">3RD </subfield>
  </datafield>
  <datafield tag="260" ind1=" " ind2=" ">
    <subfield code="a">NEW DELHI</subfield>
    <subfield code="b">AMAN PUBLICATION</subfield>
    <subfield code="c">2017</subfield>
  </datafield>
  <datafield tag="300" ind1=" " ind2=" ">
    <subfield code="a">531</subfield>
  </datafield>
  <datafield tag="942" ind1=" " ind2=" ">
    <subfield code="2">ddc</subfield>
    <subfield code="c">01</subfield>
    <subfield code="e">3RD</subfield>
  </datafield>
  <datafield tag="999" ind1=" " ind2=" ">
    <subfield code="c">40802</subfield>
    <subfield code="d">40802</subfield>
  </datafield>
  <datafield tag="952" ind1=" " ind2=" ">
    <subfield code="0">0</subfield>
    <subfield code="1">0</subfield>
    <subfield code="2">ddc</subfield>
    <subfield code="4">0</subfield>
    <subfield code="7">0</subfield>
    <subfield code="a">01</subfield>
    <subfield code="b">01</subfield>
    <subfield code="d">2017-10-28</subfield>
    <subfield code="e">BANSAL BOOK DISTRIBUTOR</subfield>
    <subfield code="f">HOTEL MANA</subfield>
    <subfield code="g">525.00</subfield>
    <subfield code="i">5944</subfield>
    <subfield code="l">2</subfield>
    <subfield code="o">642.4 BAG</subfield>
    <subfield code="p">01-B-125445</subfield>
    <subfield code="r">2026-02-27</subfield>
    <subfield code="s">2025-09-17</subfield>
    <subfield code="w">2017-10-30</subfield>
    <subfield code="y">02</subfield>
  </datafield>
  <datafield tag="952" ind1=" " ind2=" ">
    <subfield code="0">0</subfield>
    <subfield code="1">0</subfield>
    <subfield code="2">ddc</subfield>
    <subfield code="4">0</subfield>
    <subfield code="7">0</subfield>
    <subfield code="a">01</subfield>
    <subfield code="b">01</subfield>
    <subfield code="d">2017-10-28</subfield>
    <subfield code="e">BANSAL BOOK DISTRIBUTOR</subfield>
    <subfield code="f">HOTEL MANA</subfield>
    <subfield code="g">525.00</subfield>
    <subfield code="i">5944</subfield>
    <subfield code="o">642.4 BAG</subfield>
    <subfield code="p">01-B-125446</subfield>
    <subfield code="r">2017-10-30</subfield>
    <subfield code="w">2017-10-30</subfield>
    <subfield code="y">02</subfield>
  </datafield>
  <datafield tag="952" ind1=" " ind2=" ">
    <subfield code="0">0</subfield>
    <subfield code="1">0</subfield>
    <subfield code="2">ddc</subfield>
    <subfield code="4">0</subfield>
    <subfield code="7">0</subfield>
    <subfield code="a">01</subfield>
    <subfield code="b">01</subfield>
    <subfield code="d">2017-10-28</subfield>
    <subfield code="e">BANSAL BOOK DISTRIBUTOR</subfield>
    <subfield code="f">HOTEL MANA</subfield>
    <subfield code="g">525.00</subfield>
    <subfield code="i">5944</subfield>
    <subfield code="l">3</subfield>
    <subfield code="o">642.4 BAG</subfield>
    <subfield code="p">01-B-125447</subfield>
    <subfield code="r">2023-05-30</subfield>
    <subfield code="s">2023-03-17</subfield>
    <subfield code="w">2017-10-30</subfield>
    <subfield code="y">02</subfield>
  </datafield>
  <datafield tag="952" ind1=" " ind2=" ">
    <subfield code="0">0</subfield>
    <subfield code="1">0</subfield>
    <subfield code="2">ddc</subfield>
    <subfield code="4">0</subfield>
    <subfield code="7">0</subfield>
    <subfield code="a">01</subfield>
    <subfield code="b">01</subfield>
    <subfield code="d">2017-10-28</subfield>
    <subfield code="e">BANSAL BOOK DISTRIBUTOR</subfield>
    <subfield code="f">HOTEL MANA</subfield>
    <subfield code="g">525.00</subfield>
    <subfield code="i">5944</subfield>
    <subfield code="l">6</subfield>
    <subfield code="o">642.4 BAG</subfield>
    <subfield code="p">01-B-125448</subfield>
    <subfield code="r">2026-02-12</subfield>
    <subfield code="s">2025-09-16</subfield>
    <subfield code="w">2017-10-30</subfield>
    <subfield code="y">02</subfield>
  </datafield>
  <datafield tag="952" ind1=" " ind2=" ">
    <subfield code="0">0</subfield>
    <subfield code="1">0</subfield>
    <subfield code="2">ddc</subfield>
    <subfield code="4">0</subfield>
    <subfield code="7">0</subfield>
    <subfield code="a">01</subfield>
    <subfield code="b">01</subfield>
    <subfield code="d">2017-10-28</subfield>
    <subfield code="e">BANSAL BOOK DISTRIBUTOR</subfield>
    <subfield code="f">HOTEL MANA</subfield>
    <subfield code="g">525.00</subfield>
    <subfield code="i">5944</subfield>
    <subfield code="o">642.4 BAG</subfield>
    <subfield code="p">01-B-125449</subfield>
    <subfield code="r">2017-10-30</subfield>
    <subfield code="w">2017-10-30</subfield>
    <subfield code="y">02</subfield>
  </datafield>
</record>
